Arancel Aduanero 7ª enmienda
Guardat en:
| Format: | Desconegut |
|---|---|
| Idioma: | anglès |
| Publicat: |
Santiago, Chile:
Thomson Reuters,
2022
|
| Edició: | 1ª edición |
| Col·lecció: | Monografías
|
| Matèries: | |
| Etiquetes: |
Afegir etiqueta
Sense etiquetes, Sigues el primer a etiquetar aquest registre!
|
MARC
| LEADER | 00000 a2200000 4500 | ||
|---|---|---|---|
| 003 | CL-VaPUC | ||
| 005 | 20220401145112.0 | ||
| 008 | 220329b2022 ||||| |||| 00| 0 eng d | ||
| 999 | |c 435170 |d 435168 | ||
| 020 | |a 978-956-400-265-1 | ||
| 040 | |c Pontificia Universidad Católica de Valparaíso | ||
| 082 | 7 | |a 343.83056 ARA 2022 |2 22 | |
| 245 | |a Arancel Aduanero 7ª enmienda | ||
| 250 | |a 1ª edición | ||
| 260 | |a Santiago, Chile: |b Thomson Reuters, |c 2022 | ||
| 300 | |a 448 páginas | ||
| 490 | |a Monografías | ||
| 583 | |k Catalogador Asistente |c 20220329 | ||
| 650 | 0 | |a Aduanas |x Ordenanza |9 255492 | |
| 650 | 0 | |a Arancel aduanero |9 383785 | |
| 650 | 0 | |a Derecho aduanero |9 324531 | |
| 942 | |2 ddc |c BK | ||
| 952 | |0 0 |1 0 |2 ddc |4 0 |6 343_830560000000000_ARA_2022 |7 0 |8 A |9 582215 |a BIBDER |b BIBDER |c GEN |d 2022-03-29 |e 31 |g 0.00 |i 5650415 |o 343.83056 ARA 2022 |p 5650415 |r 2023-01-25 |t 1 |v 0.00 |w 2022-03-29 |y BK |k DER | ||